000 00309nam a22001337a 4500
008 171027b xxu||||| |||| 00| 0 eng d
020 _a9780071289559
041 _aeng
080 _27TH
_a336
100 _a55
101 _aMEN
245 _aFINANCIAL INSTITUTIONS MANAGEMENT
_cSAUNDERS.A
942 _2udc
_cBK
999 _c36076
_d36076